[Event "Lichtenrader Herbst"]
[Site "?"]
[Date "2008.10.19"]
[Round "2.19"]
[White "Zesewitz, Martin"]
[Black "Hein, Carsten"]
[Result "0-1"]
[WhiteElo "1924"]
[BlackElo "2154"]
[PlyCount "78"]
[EventDate "2008.??.??"]

1. f4 e6 2. Nf3 b6 3. b3 Nf6 4. Bb2 Bb7 5. e3 c5 6. Bd3 Nc6 7. O-O Be7 8. a3
Qc7 9. Bb5 a6 10. Bxc6 Qxc6 11. d3 Ng4 12. Qe1 Bf6 13. Bxf6 Nxf6 14. e4 d5 15.
Ne5 Qc7 16. Nd2 dxe4 17. dxe4 Rd8 18. Nec4 Qc6 19. Rd1 O-O 20. Ne5 Qc7 21. Qe2
b5 22. Ng4 Nxg4 23. Qxg4 Rd4 24. f5 exf5 25. Qxf5 Rfd8 26. Qf2 Bc8 27. Qe2 Qd7
28. Rf2 c4 29. c3 Rd3 30. bxc4 bxc4 31. Kf1 Qa4 32. Ke1 Qc2 33. Qh5 Be6 34. Qa5
h6 35. Qxa6 Re3+ 36. Re2 Rxe2+ 37. Kxe2 Bg4+ 38. Ke3 Bxd1 39. Nxc4 Qxc3+ 0-1

[Event "Lichtenrader Herbst"]
[Site "?"]
[Date "2008.10.19"]
[Round "2.20"]
[White "Maahs, Erich"]
[Black "Weigelt, Thomas"]
[Result "1/2-1/2"]
[WhiteElo "2151"]
[BlackElo "1911"]
[PlyCount "122"]
[EventDate "2008.??.??"]

1. e4 e5 2. Nc3 Nf6 3. Bc4 Nc6 4. d3 Bc5 5. Bg5 d6 6. Nd5 h6 7. Bxf6 gxf6 8.
Qh5 Nd4 9. O-O-O b5 10. c3 bxc4 11. cxd4 Bxd4 12. Ne2 c6 13. Ndc3 Bxf2 14. dxc4
Be3+ 15. Kb1 Be6 16. Qf3 Bc5 17. Na4 Qe7 18. Nxc5 dxc5 19. Rc1 Rg8 20. Ng3 Rd8
21. Rhf1 Rd4 22. Nh5 f5 23. exf5 Bd7 24. f6 Qd6 25. Ng7+ Kd8 26. Qa3 Rd2 27.
Qxa7 e4 28. Qa5+ Kc8 29. Qa8+ Qb8 30. Qxb8+ Kxb8 31. Rcd1 Rd4 32. Rxd4 cxd4 33.
Rf4 d3 34. Rxe4 Rd8 35. Kc1 d2+ 36. Kd1 c5 37. h3 Bc6 38. Re2 Rd6 39. Nh5 Rd4
40. Rf2 Rxc4 41. g4 Kc7 42. a3 Be4 43. Nf4 Kc6 44. b3 Rd4 45. Rxd2 Rxd2+ 46.
Kxd2 Kd6 47. h4 Ke5 48. g5 hxg5 49. hxg5 Bg6 50. Ne2 Be4 51. Nc3 Bc6 52. Ke3
Kf5 53. g6 Kxg6 54. Ne4 c4 55. bxc4 Kf5 56. Nc3 Kxf6 57. Kf4 Ke6 58. c5 Bd5 59.
a4 f5 60. a5 Bc4 61. Na4 Bb5 1/2-1/2

[Event "Lichtenrader Herbst"]
[Site "?"]
[Date "2008.10.20"]
[Round "3.2"]
[White "Poppner, Dietmar"]
[Black "Meister, Jakob"]
[Result "0-1"]
[WhiteElo "2111"]
[BlackElo "2481"]
[PlyCount "80"]
[EventDate "2008.??.??"]

1. f4 c5 2. b3 e5 3. fxe5 d6 4. Nf3 dxe5 5. e4 Bd6 6. Bb5+ Nd7 7. Bb2 a6 8. Bc4
Ngf6 9. Nc3 b5 10. Bd5 Ra7 11. Qe2 O-O 12. a3 Nb6 13. O-O b4 14. axb4 cxb4 15.
Na4 Nbxd5 16. exd5 Nxd5 17. Qf2 Re7 18. Rae1 Qc7 19. d3 Bd7 20. Ng5 f5 21. Ne4
Bxa4 22. bxa4 Nc3 23. Bxc3 bxc3 24. Rb1 Re6 25. Nxd6 Rxd6 26. Rb3 Rh6 27. h3
Rg6 28. Rfb1 h6 29. Rb7 Qa5 30. Rb8 Rgf6 31. Rxf8+ Rxf8 32. Re1 Kh8 33. Qe3
Qxa4 34. Qxe5 Qxc2 35. d4 Qd2 36. Qe3 Rd8 37. Qxd2 cxd2 38. Rd1 Rxd4 39. Kf2
Kh7 40. Ke3 Rd5 0-1

[Event "Lichtenrader Herbst"]
[Site "?"]
[Date "2008.10.20"]
[Round "3.3"]
[White "Rudolf, Henrik"]
[Black "Zschäbitz, Klaus"]
[Result "1-0"]
[WhiteElo "2368"]
[BlackElo "2114"]
[PlyCount "147"]
[EventDate "2008.??.??"]

1. e4 e6 2. d4 d5 3. Nc3 Bb4 4. e5 c5 5. a3 Bxc3+ 6. bxc3 Ne7 7. Qg4 O-O 8. Bd3
Qa5 9. Bd2 Nbc6 10. Qh5 h6 11. dxc5 b6 12. cxb6 axb6 13. Nf3 Ba6 14. O-O Bxd3
15. cxd3 Qa4 16. Ne1 Na5 17. Qe2 Ng6 18. f4 Nb3 19. Ra2 Nxd2 20. Qxd2 Qb3 21.
d4 Ne7 22. Rb2 Qxa3 23. Rxb6 Rfc8 24. Rf3 Qa1 25. Rb2 Rab8 26. Ra2 Qb1 27. Rc2
Nf5 28. Rf1 Rc4 29. Nd3 Qb6 30. Rb2 Qc7 31. Rxb8+ Qxb8 32. Nc5 h5 33. Ra1 Qd8
34. g3 Qb6 35. Kg2 Rxc5 36. dxc5 Qxc5 37. Qd3 g6 38. Ra8+ Kg7 39. Rb8 Qa3 40.
Kh3 Qa2 41. Qf3 Nh6 42. Qg2 Qc4 43. Qf3 Qa2 44. Qf1 Ng4 45. Qg2 Nf2+ 46. Kh4
Qa7 47. Re8 Qd7 48. Qxf2 Qxe8 49. Qc5 Qd8+ 50. Kh3 g5 51. Qb4 g4+ 52. Kg2 Qc7
53. h3 Qa7 54. hxg4 hxg4 55. Qb1 Qe3 56. Qd1 Qe4+ 57. Kf2 Qf5 58. Ke3 Qh5 59.
Qg1 Qh8 60. Qd1 Qh3 61. Qg1 Kg8 62. Kd4 Qh7 63. Qg2 Qb1 64. Qe2 Qb6+ 65. Kd3
Qa6+ 66. Kd2 Qxe2+ 67. Kxe2 Kg7 68. Ke3 f6 69. Kd4 Kg6 70. Kc5 fxe5 71. fxe5
Kg5 72. Kc6 Kg6 73. Kd7 Kf7 74. Kd6 1-0

[Event "Lichtenrader Herbst"]
[Site "?"]
[Date "2008.10.20"]
[Round "3.4"]
[White "Mandic, Milenko"]
[Black "Kiesekamp, Marcos"]
[Result "0-1"]
[WhiteElo "2042"]
[BlackElo "2338"]
[PlyCount "56"]
[EventDate "2008.??.??"]

1. d4 e6 2. Nf3 d5 3. Bf4 Bd6 4. Qd2 Nf6 5. Nc3 O-O 6. g3 c5 7. Bxd6 Qxd6 8.
Bg2 Nc6 9. O-O b6 10. Rfe1 Ba6 11. e4 dxe4 12. dxc5 Qxc5 13. Ng5 Rad8 14. Qf4
Qf5 15. Qe3 Nb4 16. Qc1 e3 17. Nce4 exf2+ 18. Nxf2 Nxc2 19. Bh3 Qc5 20. Rxe6 h6
21. Rxf6 Qxg5 22. Rf4 Nxa1 23. Qxa1 Rfe8 24. Bf5 Re5 25. Be4 Rde8 26. b4 f5 27.
Nh3 Qd8 28. Bb1 Re1+ 0-1

[Event "Lichtenrader Herbst"]
[Site "?"]
[Date "2008.10.20"]
[Round "3.5"]
[White "Reichenbach, Werner"]
[Black "Schulz, Michael"]
[Result "1-0"]
[WhiteElo "2285"]
[BlackElo "2052"]
[PlyCount "62"]
[EventDate "2008.??.??"]

1. c4 Nf6 2. Nc3 g6 3. d4 Bg7 4. e4 d6 5. Be2 O-O 6. Bg5 Re8 7. Qd2 Nbd7 8. Nf3
c5 9. d5 Nb6 10. h3 a6 11. O-O Qc7 12. a4 Bd7 13. Bf4 Nh5 14. Bh2 Bxc3 15. bxc3
Nxa4 16. e5 Rf8 17. g4 Ng7 18. Qh6 f6 19. e6 Be8 20. Bd3 Nb2 21. Be2 Na4 22. h4
Nxc3 23. Bd3 b5 24. h5 bxc4 25. hxg6 hxg6 26. Bxg6 Bxg6 27. Qxg6 Qb7 28. Rad1
Nxd1 29. Rxd1 Qb3 30. Re1 Qxf3 31. Re3 Qd1+ 1-0

[Event "Lichtenrader Herbst"]
[Site "?"]
[Date "2008.10.20"]
[Round "3.6"]
[White "Richter, Götz"]
[Black "Dauth, Benjamin"]
[Result "0-1"]
[WhiteElo "1963"]
[BlackElo "2266"]
[PlyCount "48"]
[EventDate "2008.??.??"]

1. e4 e5 2. Nf3 Nc6 3. d4 exd4 4. Nxd4 Qh4 5. Nc3 Bb4 6. Ndb5 Ba5 7. Be2 a6 8.
Nd4 Qxe4 9. Nxc6 Qxc6 10. O-O Bxc3 11. bxc3 d5 12. a4 Qxc3 13. Rb1 Nf6 14. Rb3
Qc6 15. Qd4 O-O 16. Bb2 Re8 17. Bd3 Bg4 18. Rb1 Be2 19. Bf5 Bh5 20. Ba1 Bg6 21.
g4 Bxf5 22. gxf5 Re4 23. Qb2 Rae8 24. Rxb7 Rg4+ 0-1

[Event "Lichtenrader Herbst"]
[Site "?"]
[Date "2008.10.20"]
[Round "3.7"]
[White "Gruzmann, Boris"]
[Black "Jaeger, Andre"]
[Result "1/2-1/2"]
[WhiteElo "2254"]
[BlackElo "2028"]
[PlyCount "56"]
[EventDate "2008.??.??"]

1. e4 c5 2. Nf3 Nc6 3. d4 cxd4 4. Nxd4 e5 5. Nb5 d6 6. c4 Be7 7. N1c3 a6 8. Na3
Be6 9. Nc2 Bg5 10. Ne3 Nd4 11. Bd3 Rc8 12. O-O Nh6 13. Ncd5 Bxd5 14. cxd5 O-O
15. g3 f5 16. h4 Bxe3 17. fxe3 fxe4 18. Rxf8+ Qxf8 19. Bxe4 Ndf5 20. Qf3 Rc7
21. Bd2 Rf7 22. Qg2 Ng4 23. Re1 h5 24. Re2 Qd8 25. Bf3 Nfh6 26. Be4 Nf5 27. Bf3
Nfh6 28. Be4 Nf5 1/2-1/2

[Event "Lichtenrader Herbst"]
[Site "?"]
[Date "2008.10.20"]
[Round "3.8"]
[White "Rivera Boris, Miguel"]
[Black "Prudlo, Simon"]
[Result "1-0"]
[WhiteElo "1948"]
[BlackElo "2247"]
[PlyCount "63"]
[EventDate "2008.??.??"]

1. e4 e6 2. d4 d5 3. Nc3 Nf6 4. e5 Nfd7 5. f4 c5 6. Nf3 Nc6 7. Be3 Be7 8. Ne2
Qb6 9. Qc1 O-O 10. c3 f6 11. dxc5 Bxc5 12. Bxc5 Nxc5 13. Ned4 fxe5 14. fxe5
Nxd4 15. cxd4 Ne4 16. Bd3 Qb4+ 17. Ke2 Bd7 18. a3 Qb6 19. Rb1 Bb5 20. Qe3 Rac8
21. Rhc1 Rxc1 22. Qxc1 Bxd3+ 23. Kxd3 g5 24. h3 h5 25. b4 Qb5+ 26. Ke3 g4 27.
hxg4 hxg4 28. Qc2 Qd7 29. Nd2 Rf2 30. Nxe4 Rxc2 31. Nf6+ Kf7 32. Nxd7 1-0

[Event "Lichtenrader Herbst"]
[Site "?"]
[Date "2008.10.20"]
[Round "3.9"]
[White "Boewer, Roland"]
[Black "Steinert, Christian"]
[Result "1-0"]
[WhiteElo "2238"]
[BlackElo "2021"]
[PlyCount "68"]
[EventDate "2008.??.??"]

1. Nf3 Nf6 2. c4 c6 3. g3 e6 4. Bg2 d5 5. Qc2 Be7 6. O-O O-O 7. b3 a5 8. Bb2 b5
9. d4 Ba6 10. Nbd2 bxc4 11. bxc4 Nbd7 12. Rfe1 Rb8 13. Rab1 Nb6 14. Ne5 Qc8 15.
Bc3 Nfd7 16. c5 Nxe5 17. cxb6 Nc4 18. Nxc4 Bxc4 19. Bxa5 Qa6 20. Qd2 Rb7 21. e4
Ra8 22. Bb4 Qxb6 23. a3 Bxb4 24. Rxb4 Qa7 25. exd5 Rxb4 26. axb4 cxd5 27. Rb1
Qb6 28. Bf1 Ra2 29. Qc3 Ba6 30. Bxa6 Qxa6 31. b5 Qb7 32. Qc6 Qb8 33. b6 Kf8 34.
b7 Ra8 1-0

[Event "Lichtenrader Herbst"]
[Site "?"]
[Date "2008.10.20"]
[Round "3.10"]
[White "Lüders, Gerhard"]
[Black "Schildt, Rene"]
[Result "1-0"]
[WhiteElo "2219"]
[BlackElo "2007"]
[PlyCount "75"]
[EventDate "2008.??.??"]

1. d4 Nf6 2. Nf3 g6 3. Nbd2 d5 4. e3 Bg7 5. Be2 c5 6. c3 Qc7 7. Ne5 Nfd7 8. f4
f6 9. Nd3 e5 10. dxc5 e4 11. Nb4 Nxc5 12. Nxd5 Qd7 13. Nb3 Ne6 14. f5 gxf5 15.
Bh5+ Kf8 16. O-O Nc6 17. c4 f4 18. exf4 f5 19. Be3 b6 20. Qd2 Ba6 21. Rac1 Rd8
22. Rfd1 Ne7 23. Qb4 Qd6 24. Qxd6 Rxd6 25. Nc7 Nxc7 26. Rxd6 Bxb2 27. Rc2 Ned5
28. Rxd5 Nxd5 29. cxd5 Bf6 30. Rc7 Be7 31. Rxa7 Bc4 32. Bd4 Bxd5 33. Bxh8 b5
34. Nd4 Bc5 35. Ra5 Bc4 36. Bf6 Kg8 37. Ra8+ Bf8 38. Nxf5 1-0

[Event "Lichtenrader Herbst"]
[Site "?"]
[Date "2008.10.20"]
[Round "3.11"]
[White "Behrmann, Joachim"]
[Black "Fuchs, Jörg"]
[Result "1-0"]
[WhiteElo "2204"]
[BlackElo "1903"]
[PlyCount "57"]
[EventDate "2008.??.??"]

1. d4 Nf6 2. c4 e5 3. dxe5 Ng4 4. Bf4 Bb4+ 5. Nd2 Nc6 6. Ngf3 Qe7 7. e3 Ncxe5
8. Nxe5 Nxe5 9. Be2 O-O 10. O-O d6 11. Nb3 a5 12. a3 Bc5 13. Nxc5 dxc5 14. a4
Ra6 15. Qd2 Bf5 16. Qd5 Re6 17. Qxb7 Ng6 18. Bg3 Be4 19. Qxc7 Qg5 20. Rfd1 h5
21. Bf1 h4 22. Bf4 Qg4 23. h3 Qh5 24. Rd8 Rxd8 25. Qxd8+ Kh7 26. f3 Nxf4 27.
exf4 Bxf3 28. gxf3 Qxf3 29. Qd3+ 1-0

[Event "Lichtenrader Herbst"]
[Site "?"]
[Date "2008.10.20"]
[Round "3.13"]
[White "Kaphle, Stephan"]
[Black "Davydov, Ruven"]
[Result "1-0"]
[WhiteElo "2170"]
[BlackElo "1865"]
[PlyCount "97"]
[EventDate "2008.??.??"]

1. e4 e5 2. Nf3 Nc6 3. Bb5 a6 4. Ba4 Nf6 5. O-O Be7 6. Re1 b5 7. Bb3 d6 8. c3
O-O 9. h3 Na5 10. Bc2 c5 11. d4 Qc7 12. Nbd2 cxd4 13. cxd4 Nc6 14. d5 Nb4 15.
Bb1 a5 16. Nf1 Na6 17. Ng3 Nc5 18. Nh2 a4 19. Ng4 Nxg4 20. hxg4 b4 21. Be3 Bd7
22. Nf5 Bxf5 23. exf5 f6 24. Bc2 Qd7 25. Rc1 Rfc8 26. Bb1 Bd8 27. Qf3 b3 28.
Bxc5 Rxc5 29. axb3 Rac8 30. Rcd1 Ba5 31. Re4 axb3 32. Qxb3 Rb5 33. Qe3 Rcb8 34.
Bd3 Bb4 35. Bxb5 Qxb5 36. Qd3 Qb6 37. Ra1 Bc5 38. Re2 Bd4 39. Rc2 Qb4 40. Rac1
Bc5 41. Qa6 Qd4 42. Rxc5 dxc5 43. Qe6+ Kh8 44. Qd6 Rc8 45. Qd7 Rb8 46. Qc7 Qxb2
47. Rxc5 h6 48. d6 Re8 49. Qc8 1-0

[Event "Lichtenrader Herbst"]
[Site "?"]
[Date "2008.10.20"]
[Round "3.14"]
[White "Hein, Carsten"]
[Black "Feikes, Jörg"]
[Result "1-0"]
[WhiteElo "2154"]
[BlackElo "1850"]
[PlyCount "23"]
[EventDate "2008.??.??"]

1. d4 d5 2. Nf3 Nf6 3. c4 e6 4. Nc3 c6 5. Bg5 Nbd7 6. e3 Qa5 7. Bxf6 Nxf6 8.
Nd2 Bb4 9. Qc2 O-O 10. Bd3 b6 11. O-O Ba6 12. Nb3 1-0

[Event "Lichtenrader Herbst"]
[Site "?"]
[Date "2008.10.20"]
[Round "3.15"]
[White "Krusemark, Gerhard"]
[Black "Meißner, Hans-Jürgen"]
[Result "0-1"]
[WhiteElo "1895"]
[BlackElo "2216"]
[PlyCount "46"]
[EventDate "2008.??.??"]

1. e4 c5 2. Nf3 d6 3. d3 Nc6 4. Be2 Nf6 5. O-O g6 6. Nfd2 Bg7 7. Nc3 O-O 8. Re1
Rb8 9. Nc4 b5 10. Ne3 Nd4 11. Bf1 a5 12. g3 a4 13. f4 Bd7 14. Ne2 Nf3+ 15. Kf2
Nxe1 16. Qxe1 Ng4+ 17. Nxg4 Bxg4 18. h3 Bxe2 19. Qxe2 a3 20. e5 dxe5 21. fxe5
Qd4+ 22. Be3 Qxe5 23. c3 axb2 0-1

[Event "Lichtenrader Herbst"]
[Site "?"]
[Date "2008.10.20"]
[Round "3.17"]
[White "Barwich, Alfred"]
[Black "Llopis de Aysa, Manuel"]
[Result "0-1"]
[WhiteElo "1920"]
[BlackElo "2173"]
[PlyCount "102"]
[EventDate "2008.??.??"]

1. d4 g6 2. c4 d6 3. Nc3 Nd7 4. e4 e5 5. Nf3 Bg7 6. d5 a5 7. Bd3 Nc5 8. Bc2 f5
9. Bg5 Nf6 10. exf5 gxf5 11. O-O O-O 12. Nd2 Bd7 13. Nb3 Nxb3 14. axb3 Qe8 15.
f4 e4 16. Qe1 Qg6 17. h3 b6 18. Ne2 Rae8 19. b4 axb4 20. Ra7 Rc8 21. Qxb4 Kh8
22. Rfa1 Rg8 23. Qe1 h6 24. Bh4 Nxd5 25. Qf2 Nb4 26. Bb1 Bxb2 27. Ng3 Bg7 28.
Kh1 Nc6 29. R7a3 Nd4 30. Nf1 Ne6 31. R1a2 Bd4 32. Qd2 Kh7 33. Bg3 Bc6 34. Bh2
Bc5 35. Rg3 Qf6 36. Bg1 Bxg1 37. Kxg1 Qd4+ 38. Qxd4 Nxd4 39. Kf2 Rxg3 40. Nxg3
Kg6 41. Ke3 Ne6 42. Ne2 h5 43. g4 hxg4 44. hxg4 fxg4 45. Ng3 Nc5 46. Rh2 Bd7
47. Rh5 Ra8 48. Rg5+ Kf7 49. Nxe4 Re8 50. Rh5 Nxe4 51. Bxe4 Bc6 0-1

[Event "Lichtenrader Herbst"]
[Site "?"]
[Date "2008.10.20"]
[Round "3.18"]
[White "Knopf, Roland"]
[Black "Mahn, Franko"]
[Result "0-1"]
[WhiteElo "1940"]
[BlackElo "2167"]
[PlyCount "56"]
[EventDate "2008.??.??"]

1. d4 Nf6 2. Nf3 g6 3. Bg5 Bg7 4. Nbd2 d5 5. e3 O-O 6. Bd3 c6 7. h3 Nbd7 8. c3
Re8 9. O-O Qb6 10. Rb1 e5 11. dxe5 Nxe5 12. Nxe5 Rxe5 13. Nf3 Re8 14. Bf4 Ne4
15. Qc2 Nc5 16. Ne1 Nxd3 17. Nxd3 Bf5 18. g4 Bd7 19. Qa4 Re4 20. Qa3 Bf8 21.
Bd6 Bxg4 22. Bxf8 Rxf8 23. Nc5 Bxh3 24. Nxe4 dxe4 25. Rfd1 Qb5 26. Qd6 Bg4 27.
Rd2 Bf3 28. Qf6 Qh5 0-1

[Event "Lichtenrader Herbst"]
[Site "?"]
[Date "2008.10.20"]
[Round "3.19"]
[White "Mayer, Herbert"]
[Black "Maahs, Erich"]
[Result "0-1"]
[WhiteElo "1891"]
[BlackElo "2151"]
[PlyCount "92"]
[EventDate "2008.??.??"]

1. c4 e5 2. Nc3 c5 3. g3 Nc6 4. Bg2 g6 5. Rb1 Bg7 6. e3 Nge7 7. Nge2 d6 8. O-O
Be6 9. d3 O-O 10. a3 a5 11. Nd5 Rb8 12. Bd2 b5 13. Nxe7+ Nxe7 14. cxb5 Rxb5 15.
b4 axb4 16. axb4 cxb4 17. Rxb4 Rxb4 18. Bxb4 Qb6 19. Bc3 Bd5 20. Bxd5 Nxd5 21.
e4 Nc7 22. d4 Ne6 23. dxe5 dxe5 24. Kg2 Rd8 25. Qa1 Qb5 26. Qe1 Qc4 27. Nc1 Rc8
28. Bd2 Nd4 29. f3 Rb8 30. Rf2 Rb1 31. Qe3 h5 32. Qg5 Kh7 33. g4 Ne6 34. Qe3
Nf4+ 35. Kh1 Bf8 36. gxh5 g5 37. Qe1 Nd3 38. Qf1 Nxf2+ 39. Qxf2 Rxc1+ 40. Bxc1
Qxc1+ 41. Kg2 Bc5 42. Qg3 f6 43. Qg4 Qg1+ 44. Kh3 Qf1+ 45. Qg2 Qxg2+ 46. Kxg2
Kh6 0-1

[Event "Lichtenrader Herbst"]
[Site "?"]
[Date "2008.10.20"]
[Round "3.20"]
[White "Grochowalski, Pawel"]
[Black "Plicka, Jiri"]
[Result "1-0"]
[WhiteElo "2096"]
[BlackElo "1885"]
[PlyCount "63"]
[EventDate "2008.??.??"]

1. d4 d5 2. c4 c6 3. Nf3 Nf6 4. e3 Bf5 5. Nc3 e6 6. Nh4 Bg6 7. Nxg6 hxg6 8. g3
Nbd7 9. Qc2 Bd6 10. Bg2 Rc8 11. c5 Bc7 12. f4 b5 13. O-O Ng4 14. h3 Nh6 15. g4
f5 16. g5 Nf7 17. b4 a6 18. a4 Ra8 19. Bd2 Ke7 20. Ra2 Qb8 21. Rfa1 Qb7 22. Bf1
Rhb8 23. Be1 Rh8 24. h4 Rhb8 25. Ra3 Qc8 26. Qa2 Nd8 27. axb5 cxb5 28. Bxb5
Rxb5 29. Nxb5 Nc6 30. Rxa6 Rb8 31. Rxc6 Rxb5 32. Qa6 1-0

[Event "Lichtenrader Herbst"]
[Site "?"]
[Date "2008.10.21"]
[Round "4.1"]
[White "Lüders, Gerhard"]
[Black "Graf, Alexander"]
[Result "0-1"]
[WhiteElo "2219"]
[BlackElo "2636"]
[PlyCount "82"]
[EventDate "2008.??.??"]

1. d4 e6 2. Nf3 c5 3. c3 Nc6 4. g3 d5 5. Bg2 Nf6 6. O-O Be7 7. dxc5 Bxc5 8. b4
Be7 9. a3 Bd7 10. Nbd2 b5 11. Nd4 Qb6 12. N2b3 Ne5 13. Na5 Rc8 14. h3 Nc4 15.
Nxc4 Rxc4 16. Be3 Qc7 17. Nb3 O-O 18. Na5 Rxc3 19. Bd4 Rc2 20. Bxa7 Rc8 21. Be3
e5 22. g4 Be6 23. Rc1 Rxc1 24. Qxc1 Qd7 25. Qb2 d4 26. Bg5 h5 27. Rc1 Rxc1+ 28.
Qxc1 hxg4 29. Bc6 Qd6 30. h4 Nd5 31. Bxe7 Qxe7 32. Bxd5 Bxd5 33. Qc8+ Kh7 34.
Qxg4 Qc7 35. f3 Qc1+ 36. Kg2 Qe3 37. Kf1 Kh6 38. Qf5 d3 39. Qxd3 Qxd3 40. exd3
Kh5 41. Ke2 Kxh4 0-1

[Event "Lichtenrader Herbst"]
[Site "?"]
[Date "2008.10.21"]
[Round "4.3"]
[White "Hämmerlein, Thomas"]
[Black "Rudolf, Henrik"]
[Result "0-1"]
[WhiteElo "2179"]
[BlackElo "2368"]
[PlyCount "78"]
[EventDate "2008.??.??"]

1. e4 c5 2. Nf3 e6 3. c3 d5 4. exd5 exd5 5. d4 Nc6 6. Be3 cxd4 7. Nxd4 Bd6 8.
Be2 Nf6 9. Nd2 O-O 10. O-O Re8 11. Re1 h6 12. Nf1 Ne4 13. a3 Be5 14. f3 Nd6 15.
Nxc6 bxc6 16. Qd2 a5 17. Rad1 Qc7 18. Bd4 Bf5 19. b4 Bg6 20. c4 Nxc4 21. Bxc4
dxc4 22. Bxe5 Rxe5 23. Qd4 Rxe1 24. Rxe1 Bd3 25. Re5 axb4 26. axb4 Qb8 27. Ng3
Qxb4 28. Nh5 Qf8 29. Qe3 Qd6 30. Qc5 Ra1+ 31. Kf2 Ra2+ 32. Kg1 Ra1+ 33. Kf2
Rf1+ 34. Kg3 Qxc5 35. Rxc5 Rc1 36. Nf4 Rc2 37. h4 Bf1 38. Rxc6 g5 39. Rc8+ Kh7
0-1

[Event "Lichtenrader Herbst"]
[Site "?"]
[Date "2008.10.21"]
[Round "4.4"]
[White "Kiesekamp, Marcos"]
[Black "Kaphle, Stephan"]
[Result "1-0"]
[WhiteElo "2338"]
[BlackElo "2170"]
[PlyCount "59"]
[EventDate "2008.??.??"]

1. d4 Nf6 2. c4 c5 3. d5 e6 4. Nc3 exd5 5. cxd5 d6 6. Nf3 g6 7. Nd2 Bg7 8. Nc4
O-O 9. Bg5 b6 10. a4 Ba6 11. e4 Re8 12. Qf3 Bxc4 13. Bxc4 a6 14. O-O Nbd7 15.
Rae1 Ne5 16. Qe2 Nxc4 17. Qxc4 Qc7 18. f4 Ng4 19. e5 h6 20. Bh4 g5 21. h3 gxh4
22. hxg4 dxe5 23. f5 e4 24. f6 Bf8 25. Nxe4 Qd7 26. Rf5 b5 27. Qf1 bxa4 28. g5
Rab8 29. g6 Rb4 30. Qf4 1-0

[Event "Lichtenrader Herbst"]
[Site "?"]
[Date "2008.10.21"]
[Round "4.5"]
[White "Dauth, Benjamin"]
[Black "Hein, Carsten"]
[Result "1/2-1/2"]
[WhiteElo "2266"]
[BlackElo "2154"]
[PlyCount "73"]
[EventDate "2008.??.??"]

1. e4 c5 2. c3 d5 3. exd5 Qxd5 4. d4 Nc6 5. Nf3 cxd4 6. cxd4 e5 7. Nc3 Bb4 8.
Bd2 Bxc3 9. Bxc3 e4 10. Ne5 Nxe5 11. dxe5 Ne7 12. Qc2 O-O 13. Rd1 Qxa2 14. Qxe4
Bf5 15. Bc4 Bxe4 16. Bxa2 Rfd8 17. f3 Bd5 18. Bb1 Nc6 19. Kf2 b5 20. b4 a5 21.
bxa5 b4 22. Ba1 Nxa5 23. Rd3 Bb3 24. Rc1 Be6 25. Rxd8+ Rxd8 26. Be4 Nb3 27. Rb1
Rd2+ 28. Kg3 Ra2 29. Bb2 Nd2 30. Ra1 Nxe4+ 31. fxe4 Rxa1 32. Bxa1 Kf8 33. Bd4
Ke8 34. Kf4 h5 35. h4 g6 36. Bc5 b3 37. Ba3 1/2-1/2

[Event "Lichtenrader Herbst"]
[Site "?"]
[Date "2008.10.21"]
[Round "4.6"]
[White "Schulz, Michael"]
[Black "Boewer, Roland"]
[Result "1/2-1/2"]
[WhiteElo "2052"]
[BlackElo "2238"]
[PlyCount "34"]
[EventDate "2008.??.??"]

1. e4 d6 2. d4 Nf6 3. Bd3 e5 4. c3 Be7 5. f4 exd4 6. cxd4 d5 7. e5 Ne4 8. Bxe4
dxe4 9. Nc3 Bb4 10. Nge2 Bxc3+ 11. Nxc3 f5 12. d5 c6 13. Be3 cxd5 14. Qxd5 Qxd5
15. Nxd5 Na6 16. Rc1 O-O 17. Nc7 Nxc7 1/2-1/2

[Event "Lichtenrader Herbst"]
[Site "?"]
[Date "2008.10.21"]
[Round "4.7"]
[White "Llopis de Aysa, Manuel"]
[Black "Rivera Boris, Miguel"]
[Result "0-1"]
[WhiteElo "2173"]
[BlackElo "1948"]
[PlyCount "80"]
[EventDate "2008.??.??"]

1. d4 d5 2. c4 e6 3. Nc3 Nf6 4. cxd5 exd5 5. Bg5 Nbd7 6. e3 Be7 7. Bd3 O-O 8.
Qc2 c6 9. Nf3 Re8 10. O-O h6 11. Bf4 Nh5 12. Be5 Bf6 13. Bxf6 Qxf6 14. b4 g5
15. Bf5 Nf8 16. Bxc8 Raxc8 17. Ne5 Ng6 18. Nxg6 fxg6 19. Rae1 Kh7 20. Qd3 Qe6
21. Rc1 a6 22. Na4 Qd6 23. Nc5 Rc7 24. a4 Nf6 25. Rce1 Ng4 26. g3 Rce7 27. Qd2
h5 28. h3 Nf6 29. a5 g4 30. hxg4 Nxg4 31. Kg2 Qf6 32. Nd3 g5 33. Qd1 Qf5 34.
Rh1 Kg6 35. Qe2 Qe4+ 36. f3 Qxe3 37. Ne5+ Rxe5 38. dxe5 Rxe5 39. Qc2+ Kf6 40.
Rxh5 Qxe1 0-1

[Event "Lichtenrader Herbst"]
[Site "?"]
[Date "2008.10.21"]
[Round "4.8"]
[White "Poseck, Steffen"]
[Black "Gruzmann, Boris"]
[Result "1/2-1/2"]
[WhiteElo "2092"]
[BlackElo "2254"]
[PlyCount "93"]
[EventDate "2008.??.??"]

1. Nf3 g6 2. c4 Bg7 3. Nc3 e5 4. g3 Nc6 5. Bg2 d6 6. d3 Nge7 7. O-O h6 8. Bd2
Be6 9. Rb1 Qd7 10. Ne1 O-O 11. b4 f5 12. Nd5 g5 13. b5 Nd8 14. Nxe7+ Qxe7 15.
e3 e4 16. Qc2 Qf7 17. Rc1 a6 18. a4 axb5 19. axb5 Ra1 20. Rxa1 Bxa1 21. c5 Bb3
22. Qc1 Bg7 23. Bb4 Qd5 24. f4 Re8 25. Rf2 dxc5 26. dxe4 fxe4 27. Qxc5 Qxc5 28.
Bxc5 Bc3 29. Nc2 gxf4 30. gxf4 Ne6 31. Bb4 Bxb4 32. Nxb4 Nc5 33. Rd2 Ra8 34.
Nd5 Ra1+ 35. Bf1 Bc4 36. Rc2 Bxf1 37. Rxc5 Bxb5+ 38. Kf2 c6 39. Nf6+ Kg7 40.
Nxe4 Rd1 41. Re5 Kf7 42. Rf5+ Ke7 43. Re5+ Kd8 44. Rh5 Rf1+ 45. Kg2 Re1 46. Nd6
Rxe3 47. Nxb5 1/2-1/2

[Event "Lichtenrader Herbst"]
[Site "?"]
[Date "2008.10.21"]
[Round "4.9"]
[White "Meißner, Hans-Jürgen"]
[Black "Witte, Ronald"]
[Result "1-0"]
[WhiteElo "2216"]
[BlackElo "2057"]
[PlyCount "97"]
[EventDate "2008.??.??"]

1. d4 d5 2. Nf3 c6 3. c4 Nf6 4. cxd5 cxd5 5. Nc3 Nc6 6. Ne5 Qb6 7. Nxc6 bxc6 8.
g3 Bf5 9. Bg2 e6 10. O-O Bd6 11. b3 O-O 12. Bg5 Qa5 13. Na4 Ne4 14. Be3 e5 15.
dxe5 Bxe5 16. Bd4 Bxd4 17. Qxd4 Rfe8 18. e3 Rac8 19. Rfc1 Bd7 20. Nc5 Nxc5 21.
Rxc5 Qb6 22. b4 Bf5 23. Rac1 h6 24. h4 Red8 25. a3 Re8 26. Qc3 Bd7 27. Rd1 Be6
28. Rd4 Red8 29. Bf3 Re8 30. e4 dxe4 31. Bxe4 Rcd8 32. Rxd8 Qxd8 33. Bxc6 Qd1+
34. Kg2 Rd8 35. Qf3 Qe1 36. Bd5 Bxd5 37. Rxd5 Rf8 38. Rd7 a5 39. b5 Qb1 40. a4
Qa2 41. Qd1 Kh7 42. Qd3+ g6 43. h5 Qxa4 44. Qxg6+ Kh8 45. Qxh6+ Kg8 46. Qg5+
Kh7 47. Qf5+ Kg7 48. h6+ Kxh6 49. Qf6+ 1-0

[Event "Lichtenrader Herbst"]
[Site "?"]
[Date "2008.10.21"]
[Round "4.10"]
[White "Mahn, Franko"]
[Black "Jaeger, Andre"]
[Result "1/2-1/2"]
[WhiteElo "2167"]
[BlackElo "2028"]
[PlyCount "44"]
[EventDate "2008.??.??"]

1. d4 Nf6 2. Nf3 g6 3. c4 d6 4. Nc3 Bg7 5. g3 O-O 6. Bg2 Nbd7 7. O-O e5 8. e4
c6 9. h3 exd4 10. Nxd4 Qb6 11. Nde2 Qb4 12. b3 Ne8 13. Qc2 Nc5 14. Be3 f5 15.
Nd4 Nxe4 16. Nxe4 fxe4 17. Qxe4 d5 18. cxd5 Bf5 19. Nxf5 Qxe4 20. Bxe4 gxf5 21.
Bf3 Bxa1 22. Rxa1 Nf6 1/2-1/2

[Event "Lichtenrader Herbst"]
[Site "?"]
[Date "2008.10.21"]
[Round "4.11"]
[White "Maahs, Erich"]
[Black "Dünzel, Jonas"]
[Result "1-0"]
[WhiteElo "2151"]
[BlackElo "2007"]
[PlyCount "47"]
[EventDate "2008.??.??"]

1. e4 c5 2. Nf3 d6 3. d4 cxd4 4. Nxd4 Nf6 5. Nc3 a6 6. Bg5 e6 7. f4 Be7 8. Qf3
Qc7 9. O-O-O Nbd7 10. g4 b5 11. Bxf6 gxf6 12. Bh3 Bb7 13. g5 O-O-O 14. Qh5 fxg5
15. Qxf7 Nc5 16. Bxe6+ Kb8 17. Nd5 Bxd5 18. exd5 Rde8 19. f5 h6 20. Nc6+ Kb7
21. Nxe7 Rxe7 22. Qf6 b4 23. Qxh8 b3 24. axb3 1-0

[Event "Lichtenrader Herbst"]
[Site "?"]
[Date "2008.10.21"]
[Round "4.12"]
[White "Roth, Joachim"]
[Black "Grochowalski, Pawel"]
[Result "0-1"]
[WhiteElo "1750"]
[BlackElo "2096"]
[PlyCount "72"]
[EventDate "2008.??.??"]

1. d4 d5 2. Nf3 Nf6 3. e3 e6 4. Bd3 c5 5. c3 Be7 6. O-O O-O 7. Nbd2 Nc6 8. Qe2
Nd7 9. dxc5 Nxc5 10. Bc2 e5 11. b4 Ne6 12. b5 e4 13. bxc6 exf3 14. Nxf3 bxc6
15. e4 Qa5 16. exd5 cxd5 17. Qd3 g6 18. Rd1 Ba6 19. Qe3 Bf6 20. Bd2 Rfe8 21.
Bb3 Bc4 22. Rac1 Qc7 23. Qh6 Rab8 24. Bxc4 Qxc4 25. Be3 Qxa2 26. Ra1 Qc4 27.
Rxa7 Qxc3 28. Rd7 d4 29. Bf4 Qc2 30. Rc1 Rb1 31. g3 Nxf4 32. Qxf4 Qxc1+ 33.
Qxc1 Rxc1+ 34. Kg2 Rd8 35. Rxd8+ Bxd8 36. Nxd4 Bb6 0-1